Kerja berpasukan dalam organisasi / (Record no. 251)

000 -LEADER
fixed length control field nam a22 a 4500
003 - CONTROL NUMBER IDENTIFIER
control field AKMAL
005 - DATE AND TIME OF LATEST TRANSACTION
control field 20170428085641.0
008 - FIXED-LENGTH DATA ELEMENTS--GENERAL INFORMATION
fixed length control field 170428s2004 my a g | f000 0 may d
020 ## - INTERNATIONAL STANDARD BOOK NUMBER
International Standard Book Number 9833109055
040 ## - CATALOGING SOURCE
Original cataloging agency AKMAL
082 04 - DEWEY DECIMAL CLASSIFICATION NUMBER
Classification number 658.402 ALA
090 00 - LOCALLY ASSIGNED LC-TYPE CALL NUMBER (OCLC); LOCAL CALL NUMBER (RLIN)
Classification number (OCLC) (R) ; Classification number, CALL (RLIN) (NR) 658.402
Local cutter number (OCLC) ; Book number/undivided call number, CALL (RLIN) ALA
100 0# - MAIN ENTRY--PERSONAL NAME
Personal name Alauddin Sidal
9 (RLIN) 556
245 10 - TITLE STATEMENT
Title Kerja berpasukan dalam organisasi /
Statement of responsibility, etc. Alauddin Sidal
260 ## - PUBLICATION, DISTRIBUTION, ETC.
Place of publication, distribution, etc. Kuala Lumpur :
Name of publisher, distributor, etc. Institut Tadbiran Awam Negara,
Date of publication, distribution, etc. 2004
300 ## - PHYSICAL DESCRIPTION
Extent viii, 152ms. :
Other physical details il. ;
Dimensions 21cm.
650 10 - SUBJECT ADDED ENTRY--TOPICAL TERM
Topical term or geographic name entry element Teams in the workplace
9 (RLIN) 557
650 20 - SUBJECT ADDED ENTRY--TOPICAL TERM
Topical term or geographic name entry element Organization
General subdivision Management
9 (RLIN) 558
650 20 - SUBJECT ADDED ENTRY--TOPICAL TERM
Topical term or geographic name entry element Motivation (Psychology)
9 (RLIN) 559
942 ## - ADDED ENTRY ELEMENTS (KOHA)
Source of classification or shelving scheme
Koha item type Book
950 ## - LOCAL HOLDINGS (RLIN)
Permanent shelving location, LOC (RLIN) AKMAL
Holdings
Withdrawn status Lost status Source of classification or shelving scheme Damaged status Not for loan Collection code Home library Current library Shelving location Date acquired Inventory number Total Checkouts Full call number Barcode Date last seen Price effective from Koha item type
          NON-FICTION AKMAL Melaka AKMAL Melaka PINJAMAN 28.04.2017 602500   658.402 ALA 201700637 28.04.2017 28.04.2017 Book
          NON-FICTION AKMAL Melaka AKMAL Melaka PINJAMAN 28.04.2017 602498   658.402 ALA 201700638 28.04.2017 28.04.2017 Book
          NON-FICTION AKMAL Melaka AKMAL Melaka PINJAMAN 28.04.2017 602499   658.402 ALA 201700639 28.04.2017 28.04.2017 Book
          NON-FICTION AKMAL Melaka AKMAL Melaka PINJAMAN 28.04.2017 602454   658.402 ALA 201700640 28.04.2017 28.04.2017 Book
          NON-FICTION AKMAL Melaka AKMAL Melaka PINJAMAN 28.04.2017 602658   658.4022 ALA 201707811 23.01.2020 28.04.2017 Book
Pusat Sumber Maklumat Dato' Haji Sarmin Md Hussin, Akademi Kastam Diraja Malaysia, Melaka
Tel: 06-2331106 | Faks: 06-2313787